| 000 | 01111nam a2200277Ia 4500 | ||
|---|---|---|---|
| 001 | ebr10185525 | ||
| 003 | CaPaEBR | ||
| 006 | m u | ||
| 007 | cr cn||||||||| | ||
| 008 | 070112s2007 enk s 000 0 eng d | ||
| 020 | _z9781846633706 | ||
| 040 |
_aCaPaEBR _cCaPaEBR |
||
| 035 | _a(OCoLC)648296837 | ||
| 050 | 1 | 4 |
_aTX911.3.V62 _bC85 2007eb |
| 245 | 0 | 0 |
_aCulture and career development _h[electronic resource] / _cguest editor Nick Johns. |
| 260 |
_aBradford : _bEmerald Group Press, _cc2007. |
||
| 300 | _a81 p. | ||
| 490 | 0 |
_aInternational Journal of Contemporary Hospitality Management ; _v19, no. 2 |
|
| 533 |
_aElectronic reproduction. _bPalo Alto, Calif. : _cebrary, _d2009. _nAvailable via World Wide Web. _nAccess may be limited to ebrary affiliated libraries. |
||
| 650 | 0 |
_aHospitality industry _xVocational guidance. |
|
| 650 | 0 | _aCareer development. | |
| 655 | 7 |
_aElectronic books. _2local |
|
| 700 | 1 | _aJohns, Nick. | |
| 710 | 2 | _aebrary, Inc. | |
| 856 | 4 | 0 |
_uhttp://site.ebrary.com/lib/rucke/Doc?id=10185525 _zAn electronic book accessible through the World Wide Web; click to view |
| 999 |
_c144561 _d144561 |
||